000 00770nam a2200229Ia 4500
005 20260430150201.0
008 008 250103s9999 xx 000 0 eng d
037 _aTheses
040 _aCRL
040 _beng
040 _ceng
041 _2eng
041 _aeng
084 _qCRL
100 _aChauhan Sambhavana Au.; Jagreet Kaur Gu.; Rajam M. V. Gu.
_91236720
245 0 _aCharaterization of fusarium oxysporum f. sp. lycopersici specific fascielin - like proteins (FoFLPs) in fungal virulence and development if tranagenic tomato resistant to fusarium wilt
260 _c2022
300 _a192p.
700 _aUniversity of Delhi. Faculty of Interdisciplinary & Applied Sciences. Department of Genetics
942 _cTH
999 _c1849157
_d1849157